| 000 | 00701nam a22002177a 4500 | ||
|---|---|---|---|
| 999 |
_c16917 _d16917 |
||
| 003 | AR-CdUCM | ||
| 008 | 190506b ||||| |||| 00| 0 spa d | ||
| 040 |
_aMUNICIPALIDAD PROVINCIAL DEL CUSCO _cBIBLIOTECA MUNICIPAL DEL CUSCO |
||
| 082 |
_a818.5 / _bF81 / 1932 |
||
| 100 |
_aWaldo Frank _936666 |
||
| 245 |
_aAmérica Hispana : _bUn retrato y una perspectiva |
||
| 260 |
_aMadrid : _bCalpe, _c1932. |
||
| 300 |
_a285 páginas ; _c22 cm. |
||
| 505 | _aContenido : Lo andes -- La pampa -- El pacifico -- La selva ... | ||
| 650 |
_aViajes _9856 |
||
| 650 |
_aDescripción _91990 |
||
| 650 |
_aAmérica _91348 |
||
| 700 |
_aFelipe, León _925167 |
||
| 942 |
_2ddc _cLIBROS |
||
| 945 |
_arah _d06/05/2019 |
||